<?xml version="1.0" encoding="UTF-8"?>
<record
    xmlns:xsi="http://www.w3.org/2001/XMLSchema-instance"
    xsi:schemaLocation="http://www.loc.gov/MARC21/slim http://www.loc.gov/standards/marcxml/schema/MARC21slim.xsd"
    xmlns="http://www.loc.gov/MARC21/slim">

  <leader>00794nab a2200217uuc4500</leader>
  <controlfield tag="001">1405889</controlfield>
  <controlfield tag="005">20240202121221.0</controlfield>
  <controlfield tag="008">150411s2012                        spa  </controlfield>
  <datafield tag="035" ind1=" " ind2=" ">
    <subfield code="a">1405889</subfield>
  </datafield>
  <datafield tag="040" ind1=" " ind2=" ">
    <subfield code="c">comduadb</subfield>
  </datafield>
  <datafield tag="041" ind1=" " ind2=" ">
    <subfield code="a">spa</subfield>
  </datafield>
  <datafield tag="100" ind1="1" ind2="0">
    <subfield code="a">Sanchez Avenda&#xF1;o, Carlos</subfield>
    <subfield code="4">aut</subfield>
    <subfield code="e">aut</subfield>
    <subfield code="9">380336</subfield>
  </datafield>
  <datafield tag="245" ind1="1" ind2="0">
    <subfield code="a">Ideolog&#xED;as ling&#xFC;&#xED;sticas de los malecus con respecto a su repertorio idiomatico</subfield>
  </datafield>
  <datafield tag="260" ind1=" " ind2=" ">
    <subfield code="c">2012.</subfield>
  </datafield>
  <datafield tag="650" ind1=" " ind2=" ">
    <subfield code="a">Malecus (Ind&#xED;genas)</subfield>
    <subfield code="9">203860</subfield>
  </datafield>
  <datafield tag="650" ind1=" " ind2="7">
    <subfield code="a">Ideolog&#xED;a</subfield>
    <subfield code="2">lemb</subfield>
    <subfield code="9">32126</subfield>
  </datafield>
  <datafield tag="650" ind1=" " ind2=" ">
    <subfield code="a">Ideologia y lenguaje</subfield>
    <subfield code="9">53000</subfield>
  </datafield>
  <datafield tag="650" ind1=" " ind2="7">
    <subfield code="a">Identidad cultural</subfield>
    <subfield code="2">lemb</subfield>
    <subfield code="9">43861</subfield>
  </datafield>
  <datafield tag="773" ind1="0" ind2=" ">
    <subfield code="t">Revista de Filolog&#xED;a y Lingu&#xED;stica de la Universidad de Costa Rica (San Jos&#xE9;)</subfield>
    <subfield code="g">Volumen 38, N&#xFA;mero 01, Enero-Junio de 2012, pp. 163-190</subfield>
    <subfield code="w">319057</subfield>
    <subfield code="z">0377628X</subfield>
    <subfield code="0">104100</subfield>
  </datafield>
  <datafield tag="942" ind1=" " ind2=" ">
    <subfield code="c">ARIMP</subfield>
  </datafield>
  <datafield tag="999" ind1=" " ind2=" ">
    <subfield code="c">708540</subfield>
    <subfield code="d">708540</subfield>
  </datafield>
</record>
